Astapa : (Registro nro. 20323)

Detalles MARC
000 -LEADER
campo de control de longitud fija 00829nam a2200229 i 4500
001 - NÚMERO DE CONTROL
campo de control 20323
003 - IDENTIFICADOR DE NÚMERO DE CONTROL
campo de control ES-MaACL
005 - FECHA Y HORA DE LA ÚLTIMA TRANSACCIÓN
campo de control 20250711195316.0
007 - CAMPO FIJO DE DESCRIPCIÓN FÍSICA--INFORMACIÓN GENERAL
campo de control de longitud fija t|
008 - DATOS DE LONGITUD FIJA--INFORMACIÓN GENERAL
campo de control de longitud fija 021111s1899 sp |||| | spa d
080 ## - NÚMERO DE LA CLASIFICACIÓN DECIMAL UNIVERSAL
Número de la Clasificación Decimal Universal 904(460.353)
080 ## - NÚMERO DE LA CLASIFICACIÓN DECIMAL UNIVERSAL
Número de la Clasificación Decimal Universal 94(460.35)".../04"
100 1# - ENTRADA PRINCIPAL--NOMBRE DE PERSONA
Nombre de persona Aguilar y Cano, Antonio.
9 (RLIN) 18750
245 10 - MENCIÓN DEL TÍTULO
Título Astapa :
Resto del título estudio geográfico /
Mención de responsabilidad, etc. por Antonio Aguilar y Cano ; con carta-prólogo del Excmo. Sr. Doctor D. Manuel Rodríguez de Berlanga.
260 ## - PUBLICACIÓN, DISTRIBUCIÓN, ETC.
Lugar de publicación, distribución, etc. Sevilla :
Nombre del editor, distribuidor, etc. [s.n.],
Fecha de publicación, distribución, etc. 1899 (
Fabricante Imp. de E. Rasco)
300 ## - DESCRIPCIÓN FÍSICA
Extensión XL, 199 p., [3] h. de lám. :
Otras características físicas 1 plano ;
Dimensiones 24 cm.
651 #4 - PUNTO DE ACCESO ADICIONAL DE MATERIA--NOMBRE GEOGRÁFICO
Nombre geográfico Astapa (Ciudad desaparecida)
9 (RLIN) 152299
651 #4 - PUNTO DE ACCESO ADICIONAL DE MATERIA--NOMBRE GEOGRÁFICO
Nombre geográfico Andalucía-
Subdivisión general Historia-
Subdivisión cronológica Hasta S.V.
9 (RLIN) 152300
700 1# - ENTRADA AGREGADA--NOMBRE PERSONAL
Nombre de persona Rodríguez de Berlanga, Manuel,
Fechas asociadas al nombre 1825-1909
9 (RLIN) 98441
852 ## - LOCALIZACIÓN
Ubicación ES-MaACL
Número de control de estantería G-43
Existencias
Estatus retirado Estado de pérdida Estado de daño No para préstamo Colección Biblioteca de origen Biblioteca actual Ubicación en estantería Fecha de adquisición Fuente de adquisición Total de préstamos Signatura topográfica completa Código de barras Visto por última vez Precio de reemplazo Tipo de ítem Koha
        Libros del s. XIX Biblioteca del Ateneo de Madrid Biblioteca del Ateneo de Madrid Depósito 2 17/01/2008     G-43 1020839 23/02/2023 23/02/2023 Libro impreso antiguo